000 00631nam a2200229 i 4500
003 DO-SdBNP
005 20260119101138.0
007 ta
008 260119b2008 dr ||||| |||| 00| 0 spa d
040 _aDO-SdBNP
_bspa
_cBNPHU
_erda
041 _aspa
082 4 _axxx
_bxxx
_222
245 0 0 _aReglamento del personal Instituto de Aviación Civil
264 1 _aSanto Domingo :
_bIDAC,
_c2008.
300 _a70 páginas ;
_c21 cm.
336 _atexto
_btxt
_2rdacontent
337 _asin mediación
_bn
_2rdamedia
338 _avolumen
_bnc
_2rdacarrier
590 _aInventariado, 2026/BT
910 _aBtavárez
942 _2ddc
_cLBS1
999 _c60123
_d60123